00886nam a22002657a 45000010005000000030006000050050017000110080041000280400030000690500013000990820008001121000023001202450045001432600060001883000049002485050008002975210029003055210020003346500044003546500039003987000031004379420015004689990015004839520122004987684FISKH20250731093108.0250731b cb ||||| |||| 00| 0 eng d aFISKHbeng cFISKHdFISKH a E185.J6 a920 aJohnston, Johanna  aA special bravery /cBy Johanna Johnston aChicago : bScience Research Associates , Inc., c1967. a28 pages : bcolor illustrations ;c21 cm .  aK 8 a510 bLexile estimate 8 aK bRaz-Plus  aAfrican American biographyvNon-fiction aHistory and GeographyvNon-fiction aAshmead, HaleIllustrator  2ddccBKn0 c7684d7684 00102ddc40708NFICa002b002cSNSd2025-07-31l0oJOH 920 E185.J6pFISBK04235r2025-07-31 09:30:06w2025-07-31yBK